000 00495nam a2200181Ia 4500
008 240925s9999 xx 000 0 und d
020 _aNA
082 _a004.67 DOY
100 _aDoyle, Jeff
245 0 _aCCIE Professional Development: routing TCP /IP V-1
250 _aNA
260 _aIndianapolis:
_bCISCO
_c,2001.
300 _axl,800p.
_bNA
_fOriginal
500 _aIncludes Index
600 _aComputer Science
650 _aComputer science, information & general works
942 _cBK
999 _c7741
_d7741